| 000 | 00427nab a2200145Ia 4500 | ||
|---|---|---|---|
| 003 | ES-SlBCS | ||
| 005 | 20210601125230.0 | ||
| 008 | 140529s1972 xxu||||| |||| 00| 0 eng d | ||
| 041 | _aeng | ||
| 100 | 1 |
_aGoldstick, Dan _9138703 |
|
| 245 | 0 | 0 |
_aAnalytic A Prosteriori Truth? _c Dan Goldstick |
| 650 | 0 | 4 |
_aVerdad _985938 |
| 773 | 0 |
_tPhilosophy and Phenomenological Research _gvol. 32, 1972, págs. 531-534 _wRev1411 |
|
| 942 | _cAR | ||
| 999 |
_c526922 _d526922 |
||